| 000 | 00605nam a22001217a 4500 | ||
|---|---|---|---|
| 040 | _cRUA | ||
| 082 | _aDVM SUM 2025 B707 Or.1 | ||
| 100 | _aSUM SAMEAS, ស៊ុម សាមាស | ||
| 245 | _aCase Of parvovirus at animal clinic in sangkat ou baek kam, khan sensok, phnom penh, ករណីជំងឺរាកឈាម PARVOVIRUS នៅគ្លីនិកសត្វ ក្នុងសង្កាត់អូរបែកក្អម ខណ្ឌសែនសុខ រាជធានីភ្នំពេញ | ||
| 260 |
_aPHNOM PENH _bRUA _c2025 |
||
| 300 |
_aviii, 37p. _bill. _c29cm. |
||
| 942 | _cNRM | ||
| 999 |
_c25686 _d25686 |
||